000
00331nam a2200145Ia 4500
001
R-1255
003
CODICE-MESSINA
005
20260212102504.0
008
260211s9999 xx 000 0 und d
040
_c
importazione_messina
100
_a
Oriana Fallaci
245
0
_a
Un Uomo
260
_b
Rizzoli Editore
942
_2
ddc
_c
BK
999
_c
27755
_d
27755